| 000 | 03378cam a2200421 i 4500 | ||
|---|---|---|---|
| 001 | data | ||
| 005 | 20260322212106.0 | ||
| 008 | data | ||
| 035 | _a18043006 | ||
| 906 |
_a7 _bcbc _ccopycat _d2 _eepcn _f20 _gy-gencatlg |
||
| 925 | 0 |
_aacquire _b1 shelf copy _xpolicy default |
|
| 010 | _a 2014933416 | ||
| 015 |
_aGBB450089 _2bnb |
||
| 016 | 7 |
_a016713573 _2Uk |
|
| 020 |
_a9780199673612 _qhbk. |
||
| 020 |
_a0199673616 _qhbk. |
||
| 035 | _a(OCoLC)880192826 | ||
| 040 |
_aUKMGB _beng _cUKMGB _erda _dDLC _dBTCTA _dBDX _dCDX _dOCLCF _dYDXCP _dZYF _dCLU _dDLC |
||
| 042 | _alccopycat | ||
| 050 | 0 | 0 |
_aK5018 _b.F68 2014 |
| 082 | 0 | 4 |
_a345 _223 |
| 245 | 0 | 0 |
_aFoundational texts in modern criminal law / _cedited by Markus D. Dubber. |
| 250 | _aFirst edition. | ||
| 264 | 1 |
_aOxford, United Kingdom : _bOxford University Press, _c2014. |
|
| 300 |
_aviii, 432 pages ; _c26 cm |
||
| 336 |
_atext _btxt _2rdacontent |
||
| 337 |
_aunmediated _bn _2rdamedia |
||
| 338 |
_avolume _bnc _2rdacarrier |
||
| 504 | _aIncludes bibliographical references and index. | ||
| 505 | 0 | 0 |
_tOn the theory of enemy criminal law / _rGünther Jakobs. _tHobbes on "diffidence" and the criminal law / _rAlice Ristroph -- _tBeccaria's On Crimes and Punishments : a mirror on the history of the foundations of modern criminal law / _rBernard E Harcourt -- _tBlackstone's criminal law : common-law harmonization and legislative reform / _rSimon Stern -- _tFoundations of the legislative panopticon : Bentham's Principles of Morals and Legislation / _rGuyora Binder -- _tDignity, crime and punishment : a Kantian perspective / _rMeir Dan-Cohen -- _tPJA von Feuerbach and his Textbook of the Common Penal Law / _rTatjana Hörnle -- _tThe contraction of crime in Hegel's Rechtsphilosophie / _rAlan Brudner -- _tMill's On Liberty and the modern "harm to others" principle / _rBernard E Harcourt -- _tJames Fitzjames Stephen : the punishment jurist / _rMarc O DeGirolami -- _tPashukanis and public protection / _rPeter Ramsay -- _tRadbruch on the origins of criminal law : punitive interventions before sovereignty / _rMireille Hildebrandt -- _tThe model penal code, legal process, and the alegitimacy of American penality / _rMarkus D Dubber -- _tThe modest ambition of Glanville Williams / _rLindsay Farmer -- _tThe radical orthodoxy of Hart's Punishment and Responsibility / _rMalcolm Thorburn -- _tCriminal law as an efficiency-enhancing device : the contribution of Gary Becker / _rAlon Harel -- _tFoucault, criminal law, and the governmentalization of the state / _rPat O'Malley and Mariana Valverde -- _tNils Christie : "Conflicts as Property" / _rVidar Halvorsen -- _tGünther Jakobs's Feindstrafrecht : a dispassionate account / _rDaniel Ohana -- _tTextbook of the common penal law in force in Germany / _rPaul Johann Anselm Feuerbach -- _tConcerning the need for a right violation in the concept of a crime, having particular regard to the concept of an affront to honour / _rJohann Michael Franz Birnbaum -- _tThe origin of criminal law in the status of the unfree / _rGustav Radbruch -- _tOn the theory of enemy criminal law / _rGünther Jakobs. |
| 650 | 0 |
_aCriminal law _xPhilosophy. |
|
| 650 | 0 |
_aCriminal law _xHistory. |
|
| 650 | 0 |
_aCriminal law _xSources. |
|
| 650 | 7 |
_aCriminal law. _2fast _0(OCoLC)fst00883328 |
|
| 700 | 1 |
_aDubber, Markus Dirk, _eeditor. |
|
| 999 |
_c1550 _d1550 |
||